00917nam a2200241Ia 450000500170000000800410001702000220005804100080008008200150008810000240010324500480012725000120017526000400018730000090022750000290023665000360026570000240030190600100032594200070033599900170034295201580035995201580051720251122100004.0230125s9999 xx 000 0 und d a978-0-593-33790-5 aeng a158.1bWHI aWhittaker T9215453 aWhat You Think of Me Is None of My Business a1st Ed. c2020bPenguin Random HouseaHaryana a207p aPersonality Development  aPersonality Development9213420 aWhittaker T9215453 b99.75 cBK c96780d96780 00104070aHIMRbHIMRd2021-03-13eForward Booksg399.00i11380l0o158.1 WHI B21686pHIMR-BK-21686r2023-01-25 00:00:00v299.25w2021-03-12yBKzB21686 00104070aHIMRbHIMRd2021-03-13eForward Booksg399.00i11380l0o158.1 WHI B21687pHIMR-BK-21687r2023-01-25 00:00:00v299.25w2021-03-12yBKzB21687